Revolusi komputer (Record no. 172685)

MARC details
000 -LEADER
fixed length control field 00659nam a22002770 a4500
005 - DATE AND TIME OF LATEST TRANSACTION
control field 20190601203631.0
008 - FIXED-LENGTH DATA ELEMENTS--GENERAL INFORMATION
fixed length control field 190601b my ||||| |||| 00| 0 may d
040 ## - CATALOGING SOURCE
Original cataloging agency PPAK
Transcribing agency PPAK
082 00 - DEWEY DECIMAL CLASSIFICATION NUMBER
Classification number 521.381
090 00 - LOCALLY ASSIGNED LC-TYPE CALL NUMBER (OCLC); LOCAL CALL NUMBER (RLIN)
Classification number (OCLC) (R) ; Classification number, CALL (RLIN) (NR) 521.381
Feature heading JER
Feature heading K
100 00 - MAIN ENTRY--PERSONAL NAME
Personal name Jeremiah, David
Form subheading Non Fiction
Language of a work Melayu
245 00 - TITLE STATEMENT
Title Revolusi komputer
260 00 - PUBLICATION, DISTRIBUTION, ETC.
Place of publication, distribution, etc. Petaling Jaya
Name of publisher, distributor, etc. Macmillan
Date of publication, distribution, etc. 1982
300 00 - PHYSICAL DESCRIPTION
Extent 33ms.
Other physical details il. wrn.
Dimensions 28sm.
336 ## - CONTENT TYPE
Source rdacontent
Content type term text
337 ## - MEDIA TYPE
Source rdamedia
Media type term unmediated
338 ## - CARRIER TYPE
Source rdacarrier
Carrier type term volume
440 00 - SERIES STATEMENT/ADDED ENTRY--TITLE
Title Siri penerokaan dan penemuan
942 ## - ADDED ENTRY ELEMENTS (KOHA)
Source of classification or shelving scheme Dewey Decimal Classification
Koha item type Book
Holdings
Withdrawn Not for loan Current library Shelving location Date acquired Full call number Barcode Date last seen Koha item type
    Perpustakaan Alor Setar Pinjaman Kanak-kanak 23/08/1997 K 521.381 JER A00054072 21/05/2019 Book